| 000 | 00967nac a22002651i 4500 | ||
|---|---|---|---|
| 003 | EG-ScBUE | ||
| 005 | 20230625100758.0 | ||
| 008 | 230625r19941964stk f b 001 0 eng d | ||
| 020 | _a9780748605149 | ||
| 020 | _a0748605142 | ||
| 040 |
_aEG-ScBUE _beng _erda _cEG-ScBUE _dEG-ScBUE |
||
| 082 | 0 | 4 |
_a909.097671 _bCOU _222 |
| 100 | 1 |
_aCoulson, Noel J. _q(Noel James) _eauthor. |
|
| 245 | 1 | 2 |
_aA history of Islamic law / _cN. J. Coulson, M.A., professor of oriental laws at The School of Oriental and African Studies, University of London. |
| 250 | _aReprinted edition. | ||
| 264 | 1 |
_aEdinburgh : _bEdinburgh University Press, _c1994. |
|
| 300 |
_aviii, 264 pages ; _c21 cm |
||
| 336 |
_2rdacontent _atext _btxt |
||
| 337 |
_2rdamedia _aunmediated _bn |
||
| 338 |
_2rdacarrier _avolume _bnc |
||
| 504 | _aIncludes bibliographical references and index. | ||
| 650 | 7 |
_aIslamic law _xHistory. _2BUEsh |
|
| 655 | _vReading book | ||
| 942 |
_cBB _k909.097671 COU _2ddc |
||
| 999 |
_c7370 _d7370 |
||